Algonquian Loanwords in English - Statistics

General Stats
  • This quiz has been taken 31 times
  • The average score is 17 of 30
Answer Stats
Hint Answer % Correct
Ojibwe. Several species of squirrel-like rodent with short tails, for example ... 'n' Dale. chipmunk
81%
Montagnais. A sled dog. husky
81%
Narragansett. Name of an Iroquoian ethnic group who call themselves Kanien'kehá:ka. A term for a certain hairstyle, with shaved sides and the remaining hair styled upright, like a cockscomb. Coincidentally (or not?) often worn by the word marked with ‡. Mohawk
81%
Powhatan. Mammal with a 'mask' and a ringed tail that is attracted to garbage. raccoon
81%
A black and white mammal that produces a revolting scent when threatened. skunk
81%
An animal or sacred object which serves as a symbol for a clan. In the Pacific Northwest, these are carved in wood and stacked together to form a pole. totem
81%
The largest species of deer, called elk in British English. moose
74%
Powhatan. A marsupial which looks like a rat. When threatened, it pretends to be dead. opossum
74%
† A nut, similar to the walnut, which can be made into a pie. pecan
74%
Large gathering of indigenous Americans with dancing and sharing culture. powwow
74%
A flat sled. t{oboggan}
74%
Mi'kmaq. Another word for reindeer. caribou
70%
A preliminary meeting of a political party to select a candidate. These meetings in Iowa mark the beginning of the election season.* caucus
70%
Powhatan. A kind of deerskin shoe. Also several types of snake. moccasin
70%
An edible clam. Or the town of Family Guy. quahog
70%
‡ Originally, moldy wood used as tinder. Later used as a term for a worthless person, then a genre of harsh rock music associated with anarchism.* punk
63%
Narrangansett. Several types of edible gourd native to the Americas. squash
63%
Powhatan. An axe. They were buried in peacetime. tomahawk
63%
Discarded fish parts used as bait.* chum
48%
A genus of tree. Several species produce edible nuts, among which the word marked with †. The wood is valued for its strength and flexibility. It can also flavor smoked ham. h{ickory}
48%
A domed hut made with a wooden frame and covered with bark, grass or hides. w{igwam}
41%
Powhatan. Several species of tree including the kaki fruit, native to China, which looks a bit like an orange tomato. p{ersimmon}
37%
Another word for the groundhog. The first syllable was remodeled after an English word. woodchuck
37%
A type of dense woolen cloth worn by lumberjacks. Named after the strait that connects Lake Michigan to Lake Huron. Starts with M. mac{kinaw}
33%
A rodent similar in appearance and behavior to the beaver. Possibly derived from Powhatan or Abenaki and folk etymologically modeled after two English words.* muskrat
33%
A name applied to several species of turtle, originally the diamondback ... Historically, a source of food. t{errapin}
33%
Another word for black tie, named after a town in the state of New York. tuxedo
30%
Powhatan. Maize kernels soaked in alkaline water (this makes it more nutritious); a staple food all across precolumbian North America. hominy
26%
Cree. A calorie dense food made with dried meat, berries and fat. It was used by fur traders and later by the (ant)arctic explorers. pemmican
26%
The second largest species of deer, also called 'elk'. w{apiti}
22%
No matching quizzes found
Score Distribution
Percent of People with Each Score
Percentile by Number Answered
Your Score History
You have not taken this quiz